Paroles - Du soleil dans la nuit - Gérard Blanc - Statistiques

Statistiques générales
  • Ce quiz a été pris 8 fois
  • Le résultat moyen est 73 sur 90
Statistiques - réponses
Paroles Réponse % Correct
à à
100%
à à
100%
dans dans
100%
dans dans
100%
dans dans
100%
donne donne
100%
donne donne
100%
donne donne
100%
donne donne
100%
donne donne
100%
du du
100%
du du
100%
du du
100%
elle elle
100%
elle elle
100%
elle elle
100%
est est
100%
fais fais
100%
Je Je
100%
la la
100%
la la
100%
la la
100%
le le
100%
le le
100%
me me
100%
nuit nuit
100%
nuit nuit
100%
nuit nuit
100%
oh-oh-oh oh-oh-oh
100%
on on
100%
on on
100%
on on
100%
on on
100%
on on
100%
on on
100%
on on
100%
on on
100%
on on
100%
on on
100%
rêve rêve
100%
se se
100%
se se
100%
se se
100%
se se
100%
se se
100%
se se
100%
soleil soleil
100%
soleil soleil
100%
soleil soleil
100%
un un
100%
un un
100%
après après
75%
après après
75%
comme comme
75%
des des
75%
des des
75%
dit dit
75%
éblouis éblouis
75%
enfants enfants
75%
et et
75%
hmmm hmmm
75%
lève lève
75%
oublie oublie
75%
pardonne pardonne
75%
partage partage
75%
puis puis
75%
quand quand
75%
s'élève s'élève
75%
aaah aah
50%
au-delà au-delà
50%
avec avec
50%
bien bien
50%
bien bien
50%
ciel ciel
50%
d'aujourd'hui d'aujourd'hui
50%
d'aujourd'hui d'aujourd'hui
50%
loin loin
50%
m'entraîne m'entraîne
50%
mirages mirages
50%
partir partir
50%
partir partir
50%
plus plus
50%
voyage voyage
50%
cri cri
25%
l'océan l'océan
25%
l'orage l'orage
25%
rejoint rejoint
25%
soir soir
25%
vers vers
25%
oh oh oh oh oh oh
0%
Aucun quiz correspondant
Distribution des résultats
% des personnes avec chaque résultat
Percentile par nombre de réponses
Votre historique - résultats
Vous n’avez pas pris ce quiz